00393nam a2200133Ia 4500008004100000082001400041100001900055245003300074260001900107600001300126942000700139952009600146999001700242241002s9999 xx 000 0 und d a297.2 MAU aMaudoodi, Syed 0aIslamic Law and Constitution aKarachi:c1955 aReligion cUC 00104070aUITUbUITUd1994-01-01l0o297.2 MAUpUC13r2024-10-02 09:31:05w2024-10-02yUC c18340d18340